Making sense of the ECG : (Record no. 7932)

MARC details
000 -LEADER
fixed length control field 01065cam a22002894a 4500
001 - CONTROL NUMBER
control field 15519985
003 - CONTROL NUMBER IDENTIFIER
control field OSt
005 - DATE AND TIME OF LATEST TRANSACTION
control field 20220803094503.0
008 - FIXED-LENGTH DATA ELEMENTS--GENERAL INFORMATION
fixed length control field 081113s2008 enka bf 001 0 eng
010 ## - LIBRARY OF CONGRESS CONTROL NUMBER
LC control number 2008279035
020 ## - INTERNATIONAL STANDARD BOOK NUMBER
International Standard Book Number 9780340946886 (pbk.)
040 ## - CATALOGING SOURCE
Original cataloging agency DLC
Transcribing agency DLC
Modifying agency DLC
082 00 - DEWEY DECIMAL CLASSIFICATION NUMBER
Classification number WG 21
Edition number 22
Item number H814m 2008
100 1# - MAIN ENTRY--PERSONAL NAME
Personal name Houghton, Andrew R.
9 (RLIN) 5889
245 10 - TITLE STATEMENT
Title Making sense of the ECG :
Remainder of title a hands-on guide /
Statement of responsibility, etc. Andrew R. Houghton, David Gray.
250 ## - EDITION STATEMENT
Edition statement 3rd ed.
260 ## - PUBLICATION, DISTRIBUTION, ETC. (IMPRINT)
Place of publication, distribution, etc. London :
Name of publisher, distributor, etc. Hodder Arnold,
Date of publication, distribution, etc. 2008.
300 ## - PHYSICAL DESCRIPTION
Extent xx, 292 p. :
Other physical details col.ill ;
Dimensions 20 cm.
504 ## - BIBLIOGRAPHY, ETC. NOTE
Bibliography, etc Includes bibliographical references (p. 272-274) and index.
650 #0 - SUBJECT ADDED ENTRY--TOPICAL TERM
Topical term or geographic name as entry element Electrocardiography
Form subdivision Handbooks, manuals, etc.
9 (RLIN) 16120
650 #0 - SUBJECT ADDED ENTRY--TOPICAL TERM
Topical term or geographic name as entry element Heart
General subdivision Diseases
-- Diagnosis
Form subdivision Handbooks, manuals, etc.
9 (RLIN) 16121
700 1# - ADDED ENTRY--PERSONAL NAME
Personal name Gray, David,
Dates associated with a name 1949-
9 (RLIN) 16122
856 41 - ELECTRONIC LOCATION AND ACCESS
Materials specified Table of contents only
Uniform Resource Identifier http://www.loc.gov/catdir/toc/fy0903/2008279035.html
906 ## - LOCAL DATA ELEMENT F, LDF (RLIN)
a 7
b cbc
c origcop
d 2
e ncip
f 20
g y-gencatlg
942 ## - ADDED ENTRY ELEMENTS (KOHA)
Source of classification or shelving scheme Other/Generic Classification Scheme
Koha item type Open Shelf
Holdings
Withdrawn status Lost status Source of classification or shelving scheme Damaged status Not for loan Home library Current library Date acquired Inventory number Total Checkouts Full call number Barcode Date last seen Date last checked out Price effective from Koha item type
    Other/Generic Classification Scheme     MUST Main Library MUST Main Library 03/08/2022 2010/32683 1 WG 21 H814m 2008 2022-0743 19/08/2022 03/08/2022 03/08/2022 Open Shelf